[Event "Cordeiropolis op 3rd"]
[Site "Cordeiropolis"]
[Date "2013.08.31"]
[Round "3"]
[White "Ribeiro de Souza, Mauricio"]
[Black "Neto, David Antonio Sbris"]
[Result "0-1"]
[WhiteElo "1712"]
[BlackElo "1805"]
[PlyCount "68"]
[EventDate "2013.08.30"]
[EventType "swiss"]
[EventRounds "6"]
[EventCountry "BRA"]
[SourceTitle "CBM 156 Extra"]
[Source "ChessBase"]
[SourceDate "2013.10.22"]
[SourceVersion "1"]
[SourceVersionDate "2013.10.22"]
[SourceQuality "1"]

1. d4 d5 2. Nf3 Nf6 3. Bf4 e6 4. e3 c5 5. c3 Nc6 6. Bd3 Be7 7. Nbd2 0-0 8. Ne5 Bd7 9. Ndf3 cxd4 10. exd4 Ne4 11. Nxd7 Qxd7 12. 0-0 Bd6 13. Ne5 Qc7 14. Bxe4 dxe4 15. Qb3 Na5 16. Qc2 f6 17. b4 fxe5 18. dxe5 Bxb4 19. Qxe4 Bc5 20. Kh1 Rad8 21. Rab1 b6 22. Bg5 Be7 23. Be3 Nc4 24. Qg4 Rf5 25. Bh6 g6 26. Qh3 Nd2 27. Bxd2 Rxd2 28. Rbd1 Qd7 29. Qg4 Rfxf2 30. h3 Qd5 31. Rxf2 Rxd1+ 32. Kh2 Qxe5+ 33. g3 Qe1 34. Kg2 Qh1# 0-1

[Event "Cordeiropolis op 3rd"]
[Site "Cordeiropolis"]
[Date "2013.08.30"]
[Round "2"]
[White "Neto, David Antonio Sbris"]
[Black "Chinelli, Jackson Alberto"]
[Result "0-1"]
[WhiteElo "1805"]
[BlackElo "1827"]
[PlyCount "60"]
[EventDate "2013.08.30"]
[EventType "swiss"]
[EventRounds "6"]
[EventCountry "BRA"]
[SourceTitle "CBM 156 Extra"]
[Source "ChessBase"]
[SourceDate "2013.10.22"]
[SourceVersion "1"]
[SourceVersionDate "2013.10.22"]
[SourceQuality "1"]

1. e4 c5 2. Nf3 d6 3. d4 cxd4 4. Nxd4 Nf6 5. Nc3 a6 6. Be3 Nc6 7. f3 e5 8. Nb3 Be6 9. Qd2 Be7 10. 0-0-0 h6 11. g4 b5 12. h4 Na5 13. Bd3 Rc8 14. Kb1 Nd7 15. Nxb5 Nxb3 16. Nxd6+ Bxd6 17. axb3 Rc6 18. Qe2 Qc8 19. g5 h5 20. c4 g6 21. Bd2 Qb7 22. Bc2 0-0 23. Bc3 Bb4 24. Bxb4 Qxb4 25. Qd2 Rb8 26. Qxb4 Rxb4 27. Rd3 Kf8 28. Rhd1 Ke7 29. Ka2 Rcb6 30. Ka3 a5 0-1